The bamboos, a fresh perspective /

Saved in:
நூற்பட்டியல் விவரங்கள்
தலைமை எழுத்தாளர்: McClure, Floyd Alonzo, 1897-1970.
வடிவம்: புத்தகம்
மொழி:English
வெளியீடப்பட்டது: Cambridge : Harvard University Press, 1967, c1966.
பகுதிகள்:
குறியீடுகள்: குறிச்சொல் இணை
குறியீடுகள் இல்லை, இந்த குறிச்சொல்லை முதலில் பதிவு செய்யுங்கள்!
LEADER 00799cam a2200265Ia 4500
001 000683031-5
005 20050319133847.0
008 740523c19671966maua b 000 0 eng
010 |a  66010126  
015 |a GB66-23208 
035 0 |a ocn229469918 
035 0 |a ocm00893602 
035 0 |a ocm00893602  |z ocm00853465 
040 |a DLC  |c OUN  |d CHS  |d SER  |d UKM  |d DGL  |d WaOLN 
050 0 |a SB317.B2  |b M29 
082 0 |a 635.93493 
100 1 |a McClure, Floyd Alonzo,  |d 1897-1970. 
245 1 4 |a The bamboos, a fresh perspective /  |c F.A. McClure. 
260 |a Cambridge :  |b Harvard University Press,  |c 1967, c1966. 
300 |a xv, 347 p. :  |b ill. ;  |c 25 cm. 
504 |a Includes bibliographical references (p. [319]-337) and indexes. 
650 0 |a Bamboo. 
650 2 |a Poaceae. 
988 |a 20020608 
906 |0 DLC